[Event "ESP-ch U10"]
[Site "Salobrena"]
[Date "2023.07.06"]
[Round "6"]
[White "Collado Perez, Olivia"]
[Black "Clerc, Oceane"]
[Result "1/2-1/2"]
[WhiteElo "1003"]
[BlackElo "1230"]
[PlyCount "65"]
[EventDate "2023.07.03"]
[EventType "swiss"]
[EventRounds "9"]
[EventCountry "ESP"]
[SourceTitle "EXT 2024"]
[Source "ChessBase"]
[SourceDate "2023.10.10"]
[SourceVersion "1"]
[SourceVersionDate "2023.10.10"]
[SourceQuality "1"]

1. e4 c5 2. Nf3 e6 3. c3 Nc6 4. d4 cxd4 5. cxd4 d5 6. e5 Bb4+ 7. Bd2 Qb6 8. Bxb4 Qxb4+ 9. Qd2 Qxd2+ 10. Nbxd2 Nge7 11. Bd3 Nb4 12. Bb5+ Bd7 13. Bxd7+ Kxd7 14. 0-0 h6 15. a3 Nd3 16. b4 Rhc8 17. Rfd1 Nb2 18. Rdc1 Rxc1+ 19. Rxc1 Nd3 20. Rb1 Rc8 21. g3 Rc1+ 22. Rxc1 Nxc1 23. Kf1 Nd3 24. Ke2 Nb2 25. Nb3 Na4 26. Nc5+ Nxc5 27. bxc5 Kc7 28. Kd3 b6 29. cxb6+ Kxb6 30. Kc3 a5 31. a4 Kc6 32. Nd2 Kb6 33. h4 1/2-1/2